MARC

Tag First Indicator Second Indicator Subfields
LEADER 00000cam a2200000 4500
001 in00000029660
005 20151007062900.0
008 740213s1930 mau b 00010 eng
010 |a  30022944  
035 |a (OCoLC)00798668 
035 |9 AAD6014AM 
040 |a DLC  |c CSU  |d TXA  |d UtOrBLW 
049 |a TXAM  |c [156105] 
050 0 |a CT34.G7  |b S7 
082 0 |a 920  |a 820.9 
090 |a CT34.G7  |b S7 
092 |a 820.9  |b S798e 
100 1 |a Stauffer, Donald A.  |q (Donald Alfred),  |d 1902-1952. 
245 1 0 |a English biography before 1700 /  |c by Donald A. Stauffer ... 
264 1 |a Cambridge, Mass. :  |b Harvard University Press,  |c 1930. 
300 |a xvii, 392 pages ;  |c 22 cm. 
336 |a text  |b txt  |2 rdacontent 
337 |a unmediated  |b n  |2 rdamedia 
338 |a volume  |b nc  |2 rdacarrier 
504 |a Bibliography: pages [287]-372. 
650 0 |a Biography as a literary form. 
650 0 |a Autobiography. 
650 0 |a English literature  |y Middle English, 1100-1500  |x History and criticism. 
650 0 |a English literature  |y Early modern, 1500-1700  |x History and criticism. 
949 |a updated  |b h  |c 2000/10/4  |e tchubaryan  |f 9:06:43 am 
999 |a MARS 
999 f f |s c8a21099-413b-3837-ba7a-b3fc27ed65a6  |i 72c68a03-8fb0-35cf-8f09-0eb8c014d729  |t 0 
952 f f |p ric  |a Texas A&M University  |b Rellis Campus  |c Joint Library Facility  |d Remote Storage  |t 0  |e CT34.G7 S7  |h Library of Congress classification  |i unmediated -- volume  |m A14801273645 
998 f f |a CT34.G7 S7  |t 0  |l Remote Storage